Al arbitrio del mercado: reformas económicas y gobernabilidad en Centroamérica

Sin resumen

Wedi'i Gadw mewn:
Manylion Llyfryddiaeth
Prif Awdur: Sojo Obando, Carlos
Fformat: Texto
Cyhoeddwyd: San José: FLACSO-Programa Costa Rica
Rhifyn:1
Tagiau: Ychwanegu Tag
Dim Tagiau, Byddwch y cyntaf i dagio'r cofnod hwn!

MARC

LEADER 00000 a a2200000 04500
001 5921
003
040
090 |a 124300  
100 |a Sojo Obando, Carlos  
245 |a Al arbitrio del mercado: reformas económicas y gobernabilidad en Centroamérica  
250 |a 1  
260 |a San José:   |b FLACSO-Programa Costa Rica  
300 |a 174 p  
300 |b **no definido**   |b fonodiscos  
520 |a Sin resumen  
999 |c 8662  |d 8662